Valoracion de emisores a la atmosfera en fuentes fijas por los metodos isocinetico y proporcional / Rafael Jimenez Miranda (Registro nro. 17160)
[ vista simple ]
| 000 -LÍDER | |
|---|---|
| fixed length control field | 00559nam a2200133 4500 |
| 008 - ELEMENTOS DE LONGITUD FIJA -- INFORMACIÓN GENERAL | |
| fixed length control field | 0 1998 0a 000 0MEX |
| 050 ## - SIGNATURA TOPOGRAFICA DE LA BIBLIOTECA DEL CONGRESO (LC) | |
| Número de Clasificación | TP155 E9 J61 1998 |
| 082 ## - NUMERO DE CLASIFICACION DECIMAL DEWEY | |
| Número de Clasificación | 614.71 J61v |
| 100 ## - ASIENTO PRINCIPAL--NOMBRE PERSONAL | |
| Nombre personal | Jimenez Miranda, Rafael |
| 245 ## - TÍTULO | |
| Título | Valoracion de emisores a la atmosfera en fuentes fijas por los metodos isocinetico y proporcional / Rafael Jimenez Miranda |
| 300 ## - DESCRIPCIÓN FÍSICA | |
| Extensión | 110 p. / 28 cm. |
| 502 ## - NOTA DE TESIS | |
| Nota de tesis | Memoria y experiencia profesional. Opción VII. I.T. Z. (Química) Ing. Leonel Gutierrez Uribe |
| 650 ## - ASIENTO SECUNDARIO DE MATERIA - TERMINO TEMÁTICO | |
| Término temático o nombre geográfico como elemento de entrada | 1.FUNDAMENTO LEGAL \ 2.METODOLOGIA UTILIZADA |
| No. biblioteca | No. biblioteca | Número de clasificación | Código de barras/Número de adquisición | Número de copia | Tipo de material |
|---|---|---|---|---|---|
| TESIS QUÍMICA | TESIS QUÍMICA | 614.71 J61v | Q406-1998 | 1 | Tesis |
